000
00321nam a2200145Ia 4500
008
191201s2007 xx 000 0 und d
082
_a
658.15
_b
ELF
100
_a
ELSEVIER
245
0
_a
Financial Management
250
_a
Rep
260
_a
U S A
_b
Elsevier
_c
2007
300
_a
114
650
_a
BBA
942
_2
ddc
_c
BK
_0
1
999
_c
4947
_d
4947